Rídan The Devil And other stories : (Record no. 254090)
[ view plain ]
| 000 -LEADER | |
|---|---|
| fixed length control field | 01457cam a22002773a 4500 |
| 001 - CONTROL NUMBER | |
| control field | 24835 |
| 003 - CONTROL NUMBER IDENTIFIER | |
| control field | PGUSA |
| 005 - DATE AND TIME OF LATEST TRANSACTION | |
| control field | 20140828083532.0 |
| 008 - FIXED-LENGTH DATA ELEMENTS--GENERAL INFORMATION | |
| fixed length control field | 080315s2008||||xxu|||||s|||||000 1 eng d |
| 040 ## - CATALOGING SOURCE | |
| Original cataloging agency | PGUSA |
| Language of cataloging | eng |
| 042 ## - AUTHENTICATION CODE | |
| Authentication code | dc |
| 050 #4 - LIBRARY OF CONGRESS CALL NUMBER | |
| Classification number | PR |
| 100 1# - MAIN ENTRY--PERSONAL NAME | |
| Personal name | Becke, Louis, |
| Dates associated with a name | 1855-1913 |
| 245 10 - TITLE STATEMENT | |
| Title | Rídan The Devil And other stories : |
| Remainder of title | 1899 |
| Medium | [electronic resource] / |
| Statement of responsibility, etc | Louis Becke |
| 260 ## - PUBLICATION, DISTRIBUTION, ETC. (IMPRINT) | |
| Name of publisher, distributor, etc | Project Gutenberg, |
| Date of publication, distribution, etc | 2008 |
| 505 0# - FORMATTED CONTENTS NOTE | |
| Formatted contents note | Rídan the devil -- A memory of "the system" -- A North Pacific lagoon island -- Bilger, of Sydney -- The vision of Milli the slave -- Denison gets a berth ashore -- Addie Ransom -- In a native village -- Maurice Kinane -- The "killers" of Twofold Bay -- Denison's second berth ashore -- A fish drive on a Micronesian atoll -- Bobaran -- Sea fishing in Australia -- An adventure in the New Hebrides -- The south sea bubble of Charles du Breil -- The white wife and the brown "woman" -- With hook and line on an Austral river -- The wreck of the "Leonora" -- An old colonial mutiny -- A boating adventure in the Carolines -- A Christmas Eve in the Far South Seas. |
| 506 ## - RESTRICTIONS ON ACCESS NOTE | |
| Terms governing access | Public domain in the USA. |
| 516 ## - TYPE OF COMPUTER FILE OR DATA NOTE | |
| Type of computer file or data note | Electronic text |
| 653 ## - INDEX TERM--UNCONTROLLED | |
| Uncontrolled term | Sea stories |
| 653 ## - INDEX TERM--UNCONTROLLED | |
| Uncontrolled term | Pacific Area -- Social life and customs -- Fiction |
| 653 ## - INDEX TERM--UNCONTROLLED | |
| Uncontrolled term | Adventure stories, Australian |
| 653 ## - INDEX TERM--UNCONTROLLED | |
| Uncontrolled term | Short stories |
| 830 #0 - SERIES ADDED ENTRY--UNIFORM TITLE | |
| Uniform title | Project Gutenberg |
| Volume number/sequential designation | 24835 |
| 856 40 - ELECTRONIC LOCATION AND ACCESS | |
| Uniform Resource Identifier | <a href="http://www.gutenberg.org/ebooks/24835">http://www.gutenberg.org/ebooks/24835</a> |
| 942 ## - ADDED ENTRY ELEMENTS (KOHA) | |
| Koha item type | eBooks |
| Withdrawn status | Lost status | Damaged status | Home library | Current library | Date acquired | Total Checkouts | Date last seen | Price effective from | Koha item type |
|---|---|---|---|---|---|---|---|---|---|
| Project Gutenberg | Project Gutenberg | 08/28/2014 | 08/28/2014 | 08/28/2014 | eBooks |